KOHA-Header-6

Principles of Information Security (Record no. 12650)

000 -LEADER
fixed length control field 00269nam a22001217a 4500
020 ## - INTERNATIONAL STANDARD BOOK NUMBER
ISBN 9789387994232
082 ## - DEWEY DECIMAL CLASSIFICATION NUMBER
Classification number 005.8
100 ## - MAIN ENTRY--AUTHOR NAME
Personal name Michael E. Whitman
245 ## - TITLE STATEMENT
Title Principles of Information Security
250 ## - EDITION STATEMENT
Edition statement 6th
260 ## - PUBLICATION, DISTRIBUTION, ETC. (IMPRINT)
Place of publication India
Name of publisher Cengage
Year of publication 2018
942 ## - ADDED ENTRY ELEMENTS (KOHA)
Koha item type Books
Holdings
Withdrawn status Lost status Collection code Permanent Location Current Location Shelving location Date acquired Full call number Accession Number Koha item type
    Computer Science MAJU MAJU Shelf No.A33 2020-11-02 005.8 9822 Computer Science

Powered by Koha